KOHA-Header-6

Information Technology Law (Record no. 7440)

000 -LEADER
fixed length control field 00261nam a2200109Ia 4500
100 ## - MAIN ENTRY--AUTHOR NAME
Personal name Diane Rowland
245 #0 - TITLE STATEMENT
Title Information Technology Law
260 ## - PUBLICATION, DISTRIBUTION, ETC. (IMPRINT)
Place of publication London
Name of publisher McGraw-Hill
Year of publication 1997
300 ## - PHYSICAL DESCRIPTION
Number of Pages 405
942 ## - ADDED ENTRY ELEMENTS (KOHA)
Koha item type Books
Holdings
Withdrawn status Lost status Collection code Permanent Location Current Location Shelving location Date acquired Full call number Accession Number Koha item type
    Law MAJU MAJU Shelf No.A46 2019-09-12 005.133 1307 Law

Powered by Koha